Getting acquainted with accounting
This book explores the why of accounting from a broad perspective for the introductory student. Such topics as the end uses of accounting and their relation to economic and social problems reflect the author's conviction that the student's conceptual knowledge is at least as important as h...
Tallennettuna:
| Päätekijä: | |
|---|---|
| Aineistotyyppi: | Kirja |
| Kieli: | Undetermined |
| Julkaistu: |
Boston
Houghton Mifflin
1977
|
| Aiheet: | |
| Tagit: |
Lisää tagi
Ei tageja, Lisää ensimmäinen tagi!
|
| Thư viện lưu trữ: | Trung tâm Học liệu Trường Đại học Cần Thơ |
|---|
| LEADER | 00826nam a2200193Ia 4500 | ||
|---|---|---|---|
| 001 | CTU_186571 | ||
| 008 | 210402s9999 xx 000 0 und d | ||
| 082 | |a 657.042 | ||
| 082 | |b C273 | ||
| 100 | |a Carey, John L. | ||
| 245 | 0 | |a Getting acquainted with accounting | |
| 245 | 0 | |c John L. Carey, K. Fred Skousen | |
| 260 | |a Boston | ||
| 260 | |b Houghton Mifflin | ||
| 260 | |c 1977 | ||
| 520 | |a This book explores the why of accounting from a broad perspective for the introductory student. Such topics as the end uses of accounting and their relation to economic and social problems reflect the author's conviction that the student's conceptual knowledge is at least as important as his technical skills. | ||
| 650 | |a Accounting,Kế toán | ||
| 910 | |a Hải | ||
| 980 | |a Trung tâm Học liệu Trường Đại học Cần Thơ | ||